| 000 | 004640000a22001810004500 | ||
|---|---|---|---|
| 003 | MACL | ||
| 005 | 20160112131727.0 | ||
| 008 | 160112b xxu||||| |||| 00| 0 eng d | ||
| 040 |
_aMACL _cMACL |
||
| 041 | _aEnglish | ||
| 082 | _a933/RUN | ||
| 100 |
_aRunes, Dagobert D _931247 |
||
| 245 | _aThe Hebrew Impact on Western Civilization | ||
| 260 |
_bPhilosophical Library _c1951 _aAmerica |
||
| 350 | _a30 | ||
| 650 |
_aHistory _931248 |
||
| 942 |
_cBK _k933/RUN _2ddc |
||
| 999 |
_c35688 _d35688 |
||